Blood on the moon : Valentine McGillycuddy and the Sioux /

Bibliographic Details
Main Author: McGillycuddy, Julia B. (Julia Blanchard)
Format: Book
Language:English
Published: Lincoln : University of Nebraska Press, 1990
Subjects:

MARC

Tag First Indicator Second Indicator Subfields
LEADER 00000cam a22000008a 4500
001 in00000936021
005 20150925122910.0
008 900322r19901941nbu s00010beng
010 |a  90035176  
020 |a 0803281706 
035 |a (OCoLC)21375130 
035 |9 AES0938AM 
040 |a DLC  |c DLC  |d UtOrBLW 
043 |a n-us-sd 
049 |a TXAM 
050 0 0 |a E99.O3  |b M355 1990 
082 0 0 |a 978.3/66  |2 20 
100 1 |a McGillycuddy, Julia B.  |q (Julia Blanchard) 
240 1 0 |a McGillycuddy, agent 
245 1 0 |a Blood on the moon :  |b Valentine McGillycuddy and the Sioux /  |c by Julia B. McGillycuddy ; introduction by James C. Olson. 
263 |a 9012 
264 1 |a Lincoln :  |b University of Nebraska Press,  |c 1990 
264 4 |c ©1941 
300 |a xix, 291 pages  
336 |a text  |b txt  |2 rdacontent 
337 |a unmediated  |b n  |2 rdamedia 
338 |a volume  |b nc  |2 rdacarrier 
500 |a Reprint, with new introduction Originally published: McGillycuddy, agent. Stanford University, Calif. : Stanford University Press, 1941. 
600 1 0 |a McGillycuddy, Valentine,  |d 1849-1939. 
650 0 |a Indian agents  |z South Dakota  |x Biography. 
650 0 |a Indian reservations  |z Great Plains. 
651 0 |a Pine Ridge Indian Reservation (S.D.) 
999 |a MARS 
999 f f |s 146d8d1b-8c39-3881-a4b7-1f4cdc845381  |i 0387af79-cf76-375e-91c5-a3ad1303fdfc  |t 0 
952 f f |p normal  |a Texas A&M University  |b College Station  |c Sterling C. Evans Library  |d Evans: Library Stacks  |t 0  |e E99.O3 M355 1990  |h Library of Congress classification  |i unmediated -- volume  |m A14813780399 
998 f f |a E99.O3 M355 1990  |t 0  |l Evans: Library Stacks